Philosophie politique. (Record no. 105643)

MARC details
000 -LEADER
campo de control de longitud fija 01391cam a2200397Li 4500
001 - NÚMERO DE CONTROL
campo de control 78431
005 - FECHA Y HORA DE LA ÚLTIMA TRANSACCIÓN
campo de control 20230411085653.0
008 - DATOS DE LONGITUD FIJA--INFORMACIÓN GENERAL
campo de control de longitud fija 070223s2007 fr f p 000 0 fre d
035 ## - NÚMERO DE CONTROL DEL SISTEMA
Número de control de sistema (OCoLC)ocn470638506
040 ## - FUENTE DE CATALOGACIÓN
Centro catalogador/agencia de origen BDF
Lengua de catalogación fre
Centro/agencia transcriptor BDF
015 ## - NÚMERO DE BIBLIOGRAFÍA NACIONAL
Número de bibliografía nacional 00715417
Fuente bnf
016 7# - NÚMERO DE CONTROL DE UNA AGENCIA BIBLIOGRÁFICA NACIONAL
Número de control del registro FRBNF40987063000000X
Fuente FrPBN
020 ## - NÚMERO INTERNACIONAL ESTÁNDAR DEL LIBRO
Número Internacional Estándar del Libro 9782011458445 (br)
020 ## - NÚMERO INTERNACIONAL ESTÁNDAR DEL LIBRO
Número Internacional Estándar del Libro 2011458447 (br)
035 ## - NÚMERO DE CONTROL DEL SISTEMA
Número de control de sistema (OCoLC)470638506
082 1# - NÚMERO DE LA CLASIFICACIÓN DECIMAL DEWEY
Número de clasificación 320.01
Número de edición 22
049 ## - FONDOS LOCALES (OCLC)
Biblioteca depositaria GRAL
050 14 - SIGNATURA TOPOGRÁFICA DE LA BIBLIOTECA DEL CONGRESO
Número de clasificación T316
100 1# - ENTRADA PRINCIPAL--NOMBRE DE PERSONA
Nombre de persona Terestchenko, Michel.
Relación aut
245 10 - MENCIÓN DEL TÍTULO
Título Philosophie politique.
Número de parte o sección de la obra 2,
Nombre de parte o sección de la obra Ethique, science et droit /
Mención de responsabilidad, etc. Michel Terestchenko,...
246 23 - FORMA VARIANTE DEL TITULO
Título propio/Titulo breve âEthique, science et droit
250 ## - MENCION DE EDICION
Mención de edición [4e ed.]
260 ## - PUBLICACIÓN, DISTRIBUCIÓN, ETC.
Lugar de publicación, distribución, etc. Paris :
Nombre del editor, distribuidor, etc. Hachette superieur,
Fecha de publicación, distribución, etc. DL 2007
Lugar de fabricación/manufactura (27-Evreux :
Fabricante Impr. Herissey)
300 ## - DESCRIPCIÓN FÍSICA
Extensión 1 vol. (157 p.) ;
Dimensiones 19 cm.
490 0# - MENCIÓN DE SERIE
Mención de serie Les fondamentaux ;
Designación de volumen o secuencia 35
500 ## - NOTA GENERAL
Nota general Bibliogr. p. 155. Index.
650 #7 - PUNTO DE ACCESO ADICIONAL DE MATERIA--TÉRMINO DE MATERIA
Término de materia o nombre geográfico como elemento de entrada Philosophie politique
Subdivisión general Manuels d'enseignement superieur.
Fuente del encabezamiento o término ram
760 0# - ENLACE A UNA SERIE PRINCIPAL
Título Les Fondamentaux (Paris).
Número Internacional Normalizado para Publicaciones Seriadas 1152-1392
Parte(s) relacionada(s) 35
Número de control del registro (FrPBN)34268474
773 0# - ASIENTO DE ITEM FUENTE
Título Philosophie politique.
Parte(s) relacionada(s) 2
Número de control del registro (FrPBN)36945889
856 42 - LOCALIZACIÓN Y ACCESO ELECTRÓNICOS
Materiales especificados Notice et cote du catalogue de la Bibliotháeque nationale de France
Identificador Uniforme de Recursos <a href="http://catalogue.bnf.fr/ark:/12148/cb409870638">http://catalogue.bnf.fr/ark:/12148/cb409870638</a>
886 1# - INFORMACIÓN DE CAMPO MARC FORÁNEO
2 intermrc
a 009
b a--dh-us-----------
886 2# - INFORMACIÓN DE CAMPO MARC FORÁNEO
2 intermrc
a 680
b 0-
a 320
b 320
942 ## - ELEMENTOS DE ENTRADA SECUNDARIOS (KOHA)
Fuente del sistema de clasificación o colocación Clasificación de Library of Congress
Tipo de ítem Koha
994 ## -
-- C0
-- DRFGD
946 ## - PROCESAMIENTO DE INFORMACIÓN LOCAL (OCLC)
a AAG
Holdings
Estatus retirado Estado de pérdida Fuente del sistema de clasificación o colocación Estado de daño No para préstamo Colección Biblioteca de origen Biblioteca actual Ubicación en estantería Fecha de adquisición Signatura topográfica completa Código de barras Visto por última vez Copia número Tipo de ítem Koha
    Clasificación de Library of Congress     Automatización y Procesos Técnicos Biblioteca Juan Bosch Biblioteca Juan Bosch Automatización y Procesos Técnicos (1er. Piso) 11/04/2023 T316 00000070926 17/02/2019 1